000 00494nam a2200205Ia 4500
005 20240823020203.0
008 240823s9999||||xx |||||||||||||| ||und||
020 _a81-259-1474-9
041 _aENGLISH
082 _A510 P3
100 _aRajagopalan S P
245 0 _aAllied Mathematics I
250 _a1st
260 _c2003
_b"Vikas Pub.,New "
_aNew Delhi
500 _aTRANSFERED
650 _aMathematics
_bMathematics
700 _a Sattanathan R
942 _cBK
999 _c174164
_d174164